Разработка комплекса безреагентной очистки воды; Политематический сетевой электронный научный журнал Кубанского государственного аграрного университета (Научный журнал КубГАУ); № 86 (02)
| Parent link: | Политематический сетевой электронный научный журнал Кубанского государственного аграрного университета (Научный журнал КубГАУ)/ Кубанский государственный аграрный университет.— , 2003- № 86 (02).— 2013.— [С. 379-391] |
|---|---|
| 団体著者: | |
| その他の著者: | , , , |
| 要約: | Заглавие с титульного листа Приведена обобщенная технологическая схема водоподготовки и водоотведения, которая реализована в комплексе, предназначенном для получения питьевой воды из подземных и поверхностных вод. Описаны основные узлы и принцип работы комплекса. На примере комплекса для очистки воды AquaVallis P приведены основные параметры очистки и сделана сравнительная оценка методов очистки. Показано, что комплекс можно использовать и для доочистки стоков. The water treatment and water disposal generalized technological scheme implemented in a system of water extraction from the subterranean and surface water is represented. The basic units and work principle of a system are described. The main parameters of treatment are presented and a comparison of water treatment methods is done. It is shown that the presented system can be useful for wastes post-treatment. Режим доступа: по договору с организацией-держателем ресурса |
| 言語: | ロシア語 |
| 出版事項: |
2013
|
| 主題: | |
| オンライン・アクセス: | http://ej.kubagro.ru/2013/02/pdf/55.pdf http://elibrary.ru/item.asp?id=18965475 |
| フォーマット: | MixedMaterials 電子媒体 図書の章 |
| KOHA link: | https://koha.lib.tpu.ru/cgi-bin/koha/opac-detail.pl?biblionumber=636926 |
MARC
| LEADER | 00000naa0a2200000 4500 | ||
|---|---|---|---|
| 001 | 636926 | ||
| 005 | 20250512142849.0 | ||
| 035 | |a (RuTPU)RU\TPU\network\990 | ||
| 035 | |a RU\TPU\network\989 | ||
| 090 | |a 636926 | ||
| 100 | |a 20140415d2013 k||y0rusy50 ca | ||
| 101 | 0 | |a rus | |
| 102 | |a RU | ||
| 135 | |a drnn ---uucaa | ||
| 181 | 0 | |a i | |
| 182 | 0 | |a b | |
| 200 | 1 | |a Разработка комплекса безреагентной очистки воды |f В. А. Хан [и др.] | |
| 203 | |a Текст |c электронный | ||
| 300 | |a Заглавие с титульного листа | ||
| 320 | |a [Библиогр.: с. 391 (11 назв.)] | ||
| 330 | |a Приведена обобщенная технологическая схема водоподготовки и водоотведения, которая реализована в комплексе, предназначенном для получения питьевой воды из подземных и поверхностных вод. Описаны основные узлы и принцип работы комплекса. На примере комплекса для очистки воды AquaVallis P приведены основные параметры очистки и сделана сравнительная оценка методов очистки. Показано, что комплекс можно использовать и для доочистки стоков. | ||
| 330 | |a The water treatment and water disposal generalized technological scheme implemented in a system of water extraction from the subterranean and surface water is represented. The basic units and work principle of a system are described. The main parameters of treatment are presented and a comparison of water treatment methods is done. It is shown that the presented system can be useful for wastes post-treatment. | ||
| 333 | |a Режим доступа: по договору с организацией-держателем ресурса | ||
| 337 | |a Adobe Reader | ||
| 461 | |t Политематический сетевой электронный научный журнал Кубанского государственного аграрного университета (Научный журнал КубГАУ) |f Кубанский государственный аграрный университет |d 2003- | ||
| 463 | |t № 86 (02) |v [С. 379-391] |d 2013 | ||
| 610 | 1 | |a труды учёных ТПУ | |
| 610 | 1 | |a электронный ресурс | |
| 610 | 1 | |a водоподготовка | |
| 610 | 1 | |a водоотведение | |
| 610 | 1 | |a аэрация | |
| 610 | 1 | |a озон | |
| 610 | 1 | |a нановолокна | |
| 610 | 1 | |a фильтры | |
| 701 | 1 | |a Хан |b В. А. |c физик |c доцент Томского политехнического университета, доктор технических наук |f 1952- |g Валерий Алексеевич |3 (RuTPU)RU\TPU\pers\31144 |9 15340 | |
| 701 | 1 | |a Лернер |b М. И. |c специалист в области машиностроения |c профессор Томского политехнического университета, доктор технических наук |f 1956- |g Марат Израильевич |3 (RuTPU)RU\TPU\pers\31191 | |
| 701 | 1 | |a Мышкин |b В. Ф. |c физик |c профессор Томского политехнического университета, доктор физико-математических наук |f 1962- |g Вячеслав Фёдорович |3 (RuTPU)RU\TPU\pers\26858 |9 12476 | |
| 701 | 1 | |a Цхе |b А. А. |c специалист в области технической физики |c заместитель директора научно-технического центра Томского политехнического университета |f 1959- |g Александр Алексеевич |3 (RuTPU)RU\TPU\pers\31143 | |
| 712 | 0 | 2 | |a Национальный исследовательский Томский политехнический университет |c (2009- ) |9 26305 |
| 801 | 2 | |a RU |b 63413507 |c 20160512 |g RCR | |
| 850 | |a 63413507 | ||
| 856 | 4 | |u http://ej.kubagro.ru/2013/02/pdf/55.pdf | |
| 856 | 4 | |u http://elibrary.ru/item.asp?id=18965475 | |
| 942 | |c CF | ||